Eficacia e ineficacia del contrato

Bibliographic Details
Other Authors: Lalana del Castillo, Carlos E., Parra Lucǹ, Mara̕ ℓngeles (coord.)
Format: Book
Language:Spanish
Published: Madrid : Dykinson, cop. 2010
Series:Cuadernos prc̀ticos Bolonia. Obligaciones y contratos; 2
Subjects:
Online Access:Acceso restringido

MARC

LEADER 00000nam a2200000 a 4500
005 2011091203153.0
008 110301s2010 sp 001 0 spa c
020 |a 9788497729000 
035 |a 5750 
040 |d vLex 
090 |c 2422  |d 2422 
245 0 0 |a Eficacia e ineficacia del contrato   |h [Recurso electrn̤ico] /  |c Mara̕ ℓngeles Parra Lucǹ, coord. ; Carlos Lalana del Castillo... [et al.] 
256 |a Servicio en ln̕ea. 
260 |a Madrid :  |b Dykinson,  |c cop. 2010 
300 |a 155 p. ;  |c 22 cm. 
504 |a Bibliografa̕  
506 1 |a Contenido solo disponible en los productos indicados  |d vLex Global  |d vLex Global (Academic Edition, excluding Law Schools)  |d vLex Global (U.S. Academic Edition, Law Schools)  |d vLex Global (U.S. Academic Edition, excluding Law Schools)  |d vLex Global (Academic Edition, Law Schools) 
650 4 |a Contratos  |z Espaą 
650 4 |a Obligaciones (Derecho)  |z Espaą 
700 1 |a Lalana del Castillo, Carlos E. 
700 1 |a Parra Lucǹ, Mara̕ ℓngeles,  |e coord. 
740 0 |a vLex Libros (Servicio en ln̕ea) 
830 0 |a Cuadernos prc̀ticos Bolonia.  |p Obligaciones y contratos;  |v 2 
856 4 0 |u http://vlex.com/source/cuadernos-practicos-bolonia-obligaciones-contratos-eficacia-ineficacia-contrato-5750  |z Acceso restringido 
942 |c BOOK